| 000 | 00831nam a22002897a 4500 | ||
|---|---|---|---|
| 003 | CHAP | ||
| 005 | 20220329141554.0 | ||
| 008 | 971013s1960 r 00010 d | ||
| 010 | _a70335 | ||
| 011 | _a71307 | ||
| 035 | _a80861 | ||
| 040 | _cCHAP | ||
| 082 |
_a574.87 _bB34 |
||
| 100 | 0 | 0 |
_aBaker, John R. _99551 |
| 245 | _aCytological technique; the principles underlying routine methods | ||
| 250 | _a4 ed. | ||
| 260 |
_aLondon : _bMethuen, _c1960 |
||
| 300 | _a150 p. | ||
| 590 |
_aBATCH-UPD _b10 _c20130110 _lUCH01 _h1848 |
||
| 590 |
_aBATCH-UPD _b10 _c20130410 _lUCH01 _h1217 |
||
| 590 |
_aBATCH-UPD _b10 _c20130914 _lUCH01 _h0531 |
||
| 590 |
_aCONVERSION _b10 _c20130109 _lUCH01 _h1339 |
||
| 650 | 1 | 4 |
_aCitologĂa. _923489 |
| 901 | _aBK | ||
| 942 | _cLIBRO | ||
| 949 |
_a574.87 B34 _bBC _cLIBRO _d-33863 _eLIBRO _h8227 _i80861 _si |
||
| 999 |
_c70335 _d70335 |
||